00993nam a2200217Ia 4500003000900000008004100009020002200050040001600072080001500088245019100103260004800294300001600342650004800358650004400406650010400450700003100554700003300585942000700618999001700625952013300642IN-BaIIA211028s9999 xx 000 0 eng d a978-0-521-66310-6 cIIA Library a92:53bFRO 0aFrom Newton to Hawkingba history of Cambridge University's Lucasian Professors of mathematicscedited by Kevin C. Knox and Richard Noakes  aCambridgebCambridge University Pressc2003 axxiv, 486p. aMathematicians - England - Biography928776 aPhysicists - England - Biography928777 aUniversity of Cambridge of applied mathematics and theoretical physics - Faculty - Biography928778 aKnox, Kevin C., ed.928779 aNoakes, Richard., ed.928780 cBK c15612d15612 00104070aBANbBANcGENd2004-02-27eINT g1550.00l0o92:53/ FROp16534r2021-11-05v1550.00w2004-02-27yBKGRs. 1550.00